| 000 | 00631nam a22002537a 4500 | ||
|---|---|---|---|
| 003 | UA-OsUOA | ||
| 001 | 22560 | ||
| 007 | ta | ||
| 008 | 20031222b un ||||| |||| 00| 0 ukr d | ||
| 100 | _aМаркузе Г. | ||
| 090 |
_a10 _bМ27 |
||
| 942 | _cBK | ||
| 040 |
_aUA-OsUOA _brus _cUA-OsUOA _dUA-OsUOA |
||
| 245 |
_aЄрос и цивилизация _bФилосовское исследование учений Фрейда |
||
| 300 | _a352 с. | ||
| 955 | _a0 | ||
| 041 | _arus | ||
| 080 | _a10 | ||
| 020 | _a5-7707-3861-8 | ||
| 260 |
_aКиев _bИСА _c1995 |
||
| 044 | _aUA | ||
| 650 | 7 | _2UDC | |
| 999 |
_c308781 _d308781 |
||